000 00275nam a2200133Ia 4500
100 _aBoggs/Wendy/ Boggs/michael
942 _cBK
654 _auml
245 _aMastering UML with Rational Rose
260 _bBPB
_c1999
300 _a957
546 _aENGLISH
999 _c29344
_d29344